|
|
|
|
| LEADER |
00000nam0a2200000 4500 |
| 001 |
325470 |
| 005 |
20231102003751.0 |
| 010 |
|
|
|a 9785811424795
|
| 035 |
|
|
|a (RuTPU)RU\TPU\book\351084
|
| 090 |
|
|
|a 325470
|
| 100 |
|
|
|a 20161206d2017 k y0rusy50 ca
|
| 101 |
0 |
|
|a rus
|
| 102 |
|
|
|a RU
|
| 105 |
|
|
|a a z 001zy
|
| 200 |
1 |
|
|a Полупроводник и ферромагнетик монооксид европия в спинтронике
|e монография
|f А. С. Борухович, А. В. Трошин
|
| 210 |
|
|
|a Санкт-Петербург
|c Лань
|d 2017
|
| 215 |
|
|
|a 286 с.
|c ил.
|
| 225 |
1 |
|
|a Учебники для вузов. Специальная литература
|
| 320 |
|
|
|a Библиогр.: с. 268-279
|
| 330 |
|
|
|a В монографии обобщены и систематизированы имеющиеся достижения в исследованиях классического магнитного полупроводника - монооксида европия. В хронологическом порядке излагаются все пройденные этапы изучения его выдающихся электронных и магнитных характеристик, особенности их проявления во внешних полях в зависимости от нестехиометрии, степени легирования, как в монокристаллическом, так и в компактном, и тонкопленочном состояниях. Особое внимание уделено возможности нетрадиционного для магнитного полупроводника использования этого монооксида или его твердых растворов (композитов) в деле создания структур спиновой электроники. Как сверхпроводящей, в том числе, и высокотемпературной, так и способной работать в нормальных условиях.
|
| 606 |
1 |
|
|a Полупроводники магнитные
|2 stltpush
|3 (RuTPU)RU\TPU\subj\50651
|9 69303
|
| 610 |
1 |
|
|a монооксид европия
|
| 610 |
1 |
|
|a ферромагнетики
|
| 610 |
1 |
|
|a физические свойства
|
| 610 |
1 |
|
|a электронно-зонная структура
|
| 610 |
1 |
|
|a формирование
|
| 610 |
1 |
|
|a синтез
|
| 610 |
1 |
|
|a температура Кюри
|
| 610 |
1 |
|
|a повышение
|
| 610 |
1 |
|
|a спинтроники
|
| 610 |
1 |
|
|a мультислои
|
| 610 |
1 |
|
|a сверхпроводящие туннельные переходы
|
| 610 |
1 |
|
|a свойства
|
| 610 |
1 |
|
|a высокотемпературные спиновые инжекторы
|
| 610 |
1 |
|
|a спин-волновые транзисторы
|
| 610 |
1 |
|
|a создание
|
| 610 |
1 |
|
|a монографии
|
| 675 |
|
|
|a 537.311.322:537.6
|v 4
|
| 700 |
|
1 |
|a Борухович
|b А. С.
|g Арнольд Самуилович
|
| 701 |
|
1 |
|a Трошин
|b А. В.
|g Алексей Валерьевич
|
| 801 |
|
1 |
|a RU
|b 63413507
|c 20161206
|
| 801 |
|
2 |
|a RU
|b 63413507
|c 20190821
|g RCR
|
| 942 |
|
|
|c BK
|
| 959 |
|
|
|a 5/20170214
|d 1
|e 965,80
|f ЧЗТЛ:1
|